Logos de voitures qui tournent - Statistiques

Statistiques générales
  • Ce quiz a été pris 11 132 fois
  • Le résultat moyen est 14 sur 16
Réponses sur la Carte
Les réponses sont colorées sur une échelle allant du rouge au vert en fonction du pourcentage des utilisateurs qui les ont devinées à leur premier essai. Vous pouvez retrouver ces pourcentages ci-dessous.
 
Statistiques - réponses
Réponses % Correct
Honda
98%
Mercedes
98%
Volkswagen
98%
Tesla
94%
Audi
93%
Hyundai
93%
Toyota
93%
Renault
92%
Citroën
91%
Seat
91%
Kia
84%
Nissan
84%
Mitsubishi
83%
Mazda
82%
Suzuki
82%
Lexus
74%
Aucun quiz correspondant
Distribution des résultats
% des personnes avec chaque résultat
Percentile par nombre de réponses
Votre historique - résultats
Vous n’avez pas pris ce quiz